000 00267nam a2200133Ia 4500
008 230312s9999||||xx |||||||||||||| ||und||
082 _a530
_bRES-P
100 _aResnick
245 0 _aPhysics
260 _bWiley
546 _aEng.
650 _aPhysics
942 _cBK
999 _c6015
_d6015